Bekannte Persönlichkeiten aus Salzburg - Statistiken

Allgemein
  • Dieses Quiz wurde 80 mal gespielt
  • Das Durchschnittsergebnis liegt bei 6 aus 20
Antwortstatistiken
Geburtsjahr Geburtsort Hinweis Person % Korrekt
1756 Salzburg Komponist Wolfgang Amadeus Mozart
100%
1989 Hallein ehemaliger Skirennläufer, erfolgreichster Alpiner der Geschichte, 8x in Folge Gesamtweltcupsieger, dazu 7x Weltmeister und 2x Olympiasieger Marcel Hirscher
51%
1969 Salzburg Extremsportler, absolvierte 2012 einen Stratosphärensprung aus knapp 40 Kilometer Höhe Felix Baumgartner
47%
1803 Salzburg Physiker und Mathematiker, Entdecker des ______-Effekts, welcher die Änderung der Wellenlänge bei Bewegung einer Schallquelle beschreibt Christian Doppler
38%
1989 Hallein ehemalige Skirennläuferin, Olympiasiegerin, 3-fache Weltmeisterin, 2x Gesamtweltcupsiegerin Anna Veith
34%
1953 Kleinarl ehemalige Skirennläuferin (v.a. Abfahrt), Österreichs Sportlerin des 20. Jahrhunderts, Olympiasiegerin und 5-fache Weltmeisterin Annemarie Moser-Pröll
34%
1908 Salzburg vielfach ausgezeichneter Dirigent Herbert von Karajan
29%
1973 Salzburg Radiomoderator (Ö3-Wecker) Robert Kratky
29%
1951 Radstadt Köchin, als Einzige mit 4 Hauben (Gault-Millau) und 2 Sternen (Guide Michelin) ausgezeichnet Johanna Maier
26%
1792 Salzburg schrieb den Text zu "Stille Nacht, heilige Nacht" Joseph Mohr
26%
1998 Bruck an der Großglocknerstraße Sängerin ("2x", "Chaos") Mathea
24%
1976 Zell am See ehemaliger Nordischer Kombinierer, erfolgreichster Sportler der österreichischen Olympia-Geschichte (3x Gold, 1x Silber, 3x Bronze), dazu 3x Weltmeister Felix Gottwald
22%
1960 Grödig Schauspieler, Tatort-Kommisar Eisner, "Der Winzerkönig" Harald Krassnitzer
21%
1986 Kuchl Motocross-Fahrer, 2018 Sieger der Motorradwertung der Rallye Dakar Matthias Walkner
21%
1960 Maria Alm am Steinernen Meer Schriftsteller, Autor der Brenner-Krimis ("Der Knochenmann", "Komm, süßer Tod" usw.) Wolf Haas
16%
1887 Salzburg Dichter des Expressionismus ("Verfall", "Der Herbst des Einsamen", "Grodek") Georg Trakl
12%
1925 Salzburg Journalist und langjähriger Generalintendant des ORF Gerd Bacher
10%
1897 Bad Gastein Schriftsteller ("Und es begab sich", "Brot"), gehört zu den meistgelesenen deutschsprachigen Autoren des 20. Jahrhunderts Karl Heinrich Waggerl
10%
1987 Schwarzach im Pongau Schauspielerin ("Die beste aller Welten", "Magda macht das schon", "Polizeiruf 110") Verena Altenberger
6%
1910 Huttich (Seekirchen am Wallersee) Schriftsteller, bekannt durch Kinder- und Jugendliteratur sowie Biografien ("Ein Mann bezwingt die Not", "Die Feuer der Wildnis") Franz Braumann
4%
Keine übereinstimmenden Quizze gefunden
Verteilung der Resultate
Anzahl Personen mit jedem Resultat
Perzentil nach korrekt beantworteten Fragen
Ihre Resultats-Entwicklung
Sie haben dieses Quiz noch nicht gespielt